Countries of Iberia in 1035 with a Map - Statistics

General Stats
  • This quiz has been taken 3,742 times
  • The average score is 14 of 39
Answers on the Map
Answers color-coded by a green-red scale on the quiz's map according to % correct below.
 
Answer Stats
Country % Correct
Portugal
93%
Castile
84%
Aragon
83%
Barcelona
83%
Galicia
80%
León
79%
Navarra
76%
Valencia
74%
Granada
73%
Córdoba
69%
Seville
66%
France
61%
Murcia
53%
Málaga
50%
Toledo
50%
Zaragoza
48%
Almería
28%
Algarve
25%
Badajoz
23%
Huelva
21%
Urgell
20%
Algeciras
16%
Denia
12%
Rousillon
12%
Pallars Jussà
11%
Pallars Sobirà
11%
Sobrarbe-Ribagorza
11%
Albarracín
10%
Cerdanya
9%
Empúries
9%
Silves
9%
Besalú
8%
Carmona
8%
Morón
8%
Niebla
8%
Osona
8%
Alpuente
7%
Arcos
7%
Mértola
7%
No matching quizzes found
Score Distribution
Percent of People with Each Score
Percentile by Number Answered
Your Score History
You have not taken this quiz